| 000 | 00740nam a2200205Ii 4500 | ||
|---|---|---|---|
| 003 | JO-AjNU | ||
| 008 | 230605s9999||||xx |||||||||||||| ||und|| | ||
| 017 | _a1974/3995 | ||
| 040 |
_aJO-AjNU _bara _erda _cJO-AjNU |
||
| 041 | _aara | ||
| 050 | 1 | 4 | _aDS38.4.A2.M8 1974 |
| 100 | 3 |
_aفرج، محمد, _eauthor _938184 |
|
| 245 | 0 | 0 | _aشخصيات عسكرية إسلامية |
| 264 | 3 | 1 | _aالقاهرة: دار الفكر العربي، 1974 |
| 300 | _a235ص | ||
| 336 |
_atext _btxt _2rdacontent |
||
| 337 |
_aunmediated _bn _2rdamedia |
||
| 338 |
_avolume _bnc _2rdacarrier |
||
| 650 | 4 |
_a علي بن ابي طالب سعد بن ابي وقاص خالد بن الوليد عمرو بن العاص المتنبي بن حارثة _938185 |
|
| 999 |
_aA16021 _c19589 _d19589 |
||